Navigating The Indian Cyberspace Maze Guide for Policymakers (Record no. 68932)
[ view plain ]
| 000 -LEADER | |
|---|---|
| fixed length control field | 00290nam a22001097a 4500 |
| 082 ## - DEWEY DECIMAL CLASSIFICATION NUMBER | |
| Classification number | 004/CHH |
| 100 ## - MAIN ENTRY--AUTHOR NAME | |
| Personal name | Chhibbar,Ashish |
| 245 ## - TITLE STATEMENT | |
| Title | Navigating The Indian Cyberspace Maze Guide for Policymakers |
| 260 ## - PUBLICATION, DISTRIBUTION, ETC. (IMPRINT) | |
| Place of publication | New Delhi |
| Name of publisher | KW Publishers |
| Year of publication | 2020 |
| 650 ## - SUBJECT ADDED ENTRY--TOPICAL TERM | |
| Topical Term | Computer |
| 942 ## - ADDED ENTRY ELEMENTS (KOHA) | |
| Koha item type | Books |
| Withdrawn status | Lost status | Damaged status | Not for loan | Home library | Current library | Date acquired | Cost, normal purchase price | Full call number | Accession Number | Price effective from | Koha item type |
|---|---|---|---|---|---|---|---|---|---|---|---|
| MACL | MACL | 08/04/2026 | 1280.00 | 004/CHH | CRE040427 | 08/04/2026 | Books |









